| 000 | 00604nam a2200145Ia 4500 | ||
|---|---|---|---|
| 008 | 151213s9999 xx 000 0 und d | ||
| 100 | _aওবায়দুল হক সরদার। | ||
| 245 |
_aপঞ্চাশ দশকের পত্র - পত্রিকায় ঢাকার নাটক। _cওবায়দুল হক সরদার। |
||
| 260 |
_aঢাকা _bশিল্পকলা একাডেম্ _c1994 |
||
| 300 | _a8478 p. | ||
| 650 | _aBangla | ||
| 650 | _aBengali Literature | ||
| 700 | _aওবায়দুল হক সরদার। | ||
| 999 |
_c4316 _d4316 |
||